| 000 | 01257 a2200241 4500 | ||
|---|---|---|---|
| 005 | 20080828095624.0 | ||
| 008 | 080828t xxu||||| |||| 00| 0 hin d | ||
| 010 | _aHIN-83341 | ||
| 020 |
_c275.00 _a8187377154 |
||
| 035 | _aHN-55687 | ||
| 037 | _bपु.प्र.अ.प्र /प्रका | ||
| 082 | _aक | ||
| 100 | _aराव, सी. भास्कर | ||
| 245 |
_aताकि शेष रहे मन:(नारी मन और जीवन से जुड़ी कहानियाँ ) / _cसी. भास्कर राव |
||
| 246 |
_aTaki Shesh Rahe man _bby C. Bhaskar Roy |
||
| 260 |
_aनई दिल्ली _bगीता इन्टरप्राईज़ _c2006 |
||
| 270 |
_aजे-436, बलजीत नगर,प्रेम नगर रोड _bनई दिल्ली _e8 _cदिल्ली _k9212419624 |
||
| 300 |
_a280पृ _c22 सेमी (सजिल्द) |
||
| 650 | _aहिन्दी कहानियाँ | ||
| 650 | _aHindi Stories | ||
| 942 |
_adpl _cHN _kक / रावसी _2ddc _hक _m रावसी |
||
| 999 |
_c12195 _d12195 |
||